| 000 | 00567nam a2200181Ia 4500 | ||
|---|---|---|---|
| 005 | 20250326140631.0 | ||
| 008 | 250326s9999 xx 000 0 und d | ||
| 037 | _aTextbook | ||
| 040 |
_aFMSL _beng _cFMSL |
||
| 041 |
_aeng _2eng |
||
| 084 |
_aX:51obD658(2:55) P0 _qFMSL |
||
| 100 |
_aHelmstetter G _9742723 |
||
| 245 | 0 |
_aAffiliate selling: Building revenue on the web _cHelmstetter G; Metivier P |
|
| 260 |
_aNew York _bNew York, John Wiley & Sons _c2000 |
||
| 300 | _a346p | ||
| 942 |
_cTB _hX:51obD658(2:55) P0 |
||
| 999 |
_c1286646 _d1286646 |
||